000 00722nam a2200205 i 4500
001 142783
003 ES-MaACL
005 20230906200624.0
007 t|
008 071010s1971 sp ||||1| gao d
100 1 _aVidal Abascal, Enrique.
_9114464
245 1 1 _aA crisis da Universidade Europea /
_cdiscurso... sua recepción, por Enrique Vidal Abascal e resposta de... Ramón Otero Pedrayo.
260 _aCoruña :
_bReal Academia Gallega,
_c1971 (
_fTall. Faro de Vigo)
300 _a88 p. ;
_c24 cm.
650 1 4 _aUniversidades.
_917680
700 1 _aOtero Pedrayo, Ramón,
_d1888-1976
_987917
710 2 _aReal Academia Gallega.
_96341
852 _aES-MaACL
_jC-44034
_bR.76653
999 _c142783
_d142783